00402nam a2200157Ia 45000010006000000050017000060080041000230410008000640820016000721000034000882450069001222600009001913000028002006500008002286540008002361695620260306170349.0260306t2015||||xx |||||||||||||| ||und|| aESP a657.3bT19C aTanaka Nakasone, GustavoeAUT 0aContabilidad y análisis financiero:bun enfoque para el Perú c2015 a431 páginas :c24 cm. aGEN aCCO